000 00544nam a22001695i 4500
001 166686
003 ES-MaACL
005 20250726063044.0
008 951124s1867 sp |||| | spa d
040 _aEUS
_bspa
_cEUS
100 1 _aTrueba, Antonio de,
_d1819-1889
_9111545
245 1 3 _aEl libro de las montañas /
_ccompuesto por Antonio de Trueba.
260 _aBilbao :
_bLibrería de Agustín Emperaile, editor,
_c1867.
300 _a324 p. ;
_c17 cm.
852 _aES-MaACL
_jD-2580
_z-- Enc. hol.
999 _c166686
_d166686